|
|
|
|
| LEADER |
00000nam a22000005a 4500 |
| 001 |
1640 |
| 003 |
CL-ChBUA |
| 005 |
20170829095931.0 |
| 007 |
ta |
| 008 |
070301s1987 ec 000 0 spa |
| 020 |
|
|
|a 0830850775
|
| 040 |
|
|
|a CL-ChBUA
|c CL-ChBUA
|e rda
|
| 082 |
0 |
0 |
|a 227.5
|
| 100 |
1 |
|
|a Sott, John R.W.
|
| 245 |
1 |
0 |
|a La nueva humanidad :
|b el mensaje de Efesios: la Biblia Habla Hoy
|
| 260 |
|
|
|b Certeza.
|c c1987.
|
| 300 |
|
|
|a 291 p.
|c 20 cm.
|
| 504 |
|
|
|a Indice.
|
| 630 |
|
4 |
|a BIBLIA
|x NUEVO TESTAMENTO
|x COMENTARIOS
|
| 650 |
|
4 |
|a EFESIOS (EPISTOLA)
|x COMENTARIOS
|
| 942 |
|
|
|c LIB
|2 ddc
|
| 945 |
|
|
|0 nac
|
| 952 |
|
|
|0 0
|1 0
|4 0
|7 0
|9 2354
|a UNACH
|b UNACH
|c 200
|d 2007-03-05
|i 30.000.
|l 9
|m 11
|o 227.5 / St 884.
|p 3353
|r 2025-10-29 15:21:24
|s 2024-06-11
|u 2354
|w 2012-08-08
|y LIB
|k 227.5 / St 884.
|
| 999 |
|
|
|c 1640
|d 1640
|